LEADER 00854nam0-22002891i-450- 001 990000125720403321 035 $a000012572 035 $aFED01000012572 035 $a(Aleph)000012572FED01 035 $a000012572 100 $a20011111d--------km-y0itay50------ba 101 0 $aita 105 $ay-------001yy 200 1 $aEntwrfe und Bauausfhrungen im Stile deutscher Renaissance$fvon J.C. Raschdorff. 210 $aBerlin$cE. Wasmuth$d1879 215 $a50 tav.$cill.$d47 cm 610 0 $aArchitettura$aGermania$aSec. 19. 676 $a720.943 700 1$aRaschdorff,$bJ. C.$08183 801 0$aIT$bUNINA$gRICA$2UNIMARC 901 $aBK 912 $a990000125720403321 952 $a13 AR 4 D 23$b7040$fFINBC 959 $aFINBC 996 $aEntwrfe und Bauausfhrungen im Stile deutscher Renaissance$9114305 997 $aUNINA DB $aING01 LEADER 00869nam a2200229 i 4500 001 991002387039707536 008 070427s2002 fr 001 fre 020 $a2226062149 035 $ab13519505-39ule_inst 100 1 $aLeroi-Gourhan, André$0332488 245 10$aEvolution et techniques.$n2,$pmilieu et techniques :$b /$cAndré Leroi-Gourhan 246 30$aMilieu et techniques 260 $aParis :$bAlbin Michel,$c2002 300 $a475 p. :$bill. ;$c18 cm 440 0$aSciences d'aujourd'hui 650 04$aTecnología$xStoria 907 $a.b13519505$b02-04-14$c27-04-07 912 $a991002387039707536 945 $aLE007 600 LER 01.01$g1$i2007000118719$lle007$nLE007 2007 Minazzi$op$pE15.00$q-$rl$s- $t0$u0$v0$w0$x0$y.i14482873$z08-06-07 996 $aÉvolution et techniques$9110563 997 $aUNISALENTO 998 $ale007$b27-04-07$cm$da $e-$ffre$gfr $h0$i0 LEADER 01297nas 2200433- 450 001 996321363903316 005 20230227213019.0 011 $a2321-1415 035 $a(OCoLC)904328728 035 $a(CKB)2670000000385707 035 $a(CONSER)--2018237008 035 $a(DE-599)ZDB2732688-3 035 $a(MiFhGG)8RLV 035 $a(EXLCZ)992670000000385707 100 $a19940923a19939999 --- - 101 0 $aeng 135 $aur||||||||||| 181 $ctxt$2rdacontent 182 $cc$2rdamedia 183 $acr$2rdacarrier 200 00$aIndian journal of burns $eofficial organ of the National Academy of Burns - India 210 31$aMumbai :$cWolters Kluwer Health-Medknow. 210 1$a[New Delhi] :$cNational Academy Of Burns,$d1993- 215 $a1 online resource 300 $aRefereed/Peer-reviewed 311 $a0971-653X 531 0 $aInd. j. burns 606 $aBurns and scalds$vPeriodicals 606 $aBurns 606 $aBurns and scalds$2fast$3(OCoLC)fst00841926 608 $aPeriodicals.$2fast 615 0$aBurns and scalds 615 2$aBurns. 615 7$aBurns and scalds. 712 02$aNational Academy of Burns--India, 906 $aJOURNAL 912 $a996321363903316 996 $aIndian journal of burns$91981878 997 $aUNISA